SISTEMA DE BIBLIOTECAS
Carmen Mendoza De Cornielle

Actas de los primeros congresos obreros dominicanos, 1920-1922 / (Registro nro. 15654)

Detalles MARC
000 -CABECERA
campo de control de longitud fija 03296cam a2200301 i 4500
001 - NÚMERO DE CONTROL
campo de control 15654
003 - IDENTIFICADOR DEL NÚMERO DE CONTROL
campo de control DO-SdUEMH
005 - FECHA Y HORA DE LA ÚLTIMA TRANSACCIÓN
campo de control 20260108181325.0
007 - CAMPO FIJO DE DESCRIPCIÓN FÍSICA--INFORMACIÓN GENERAL
campo de control de longitud fija ta
008 - DATOS DE LONGITUD FIJA--INFORMACIÓN GENERAL
campo de control de longitud fija 211105s2007 dr a|||gri||| 001 0 spa|d
020 ## - NÚMERO INTERNACIONAL ESTÁNDAR DEL LIBRO
Número Internacional Estándar del Libro 9789945020229
040 ## - FUENTE DE LA CATALOGACIÓN
Centro catalogador/agencia de origen DO-SdUEMH
Lengua de catalogación spa
Normas de descripción rda
041 ## - CÓDIGO DE LENGUA
Código de lengua del texto/banda sonora o título independiente spa
082 14 - NÚMERO DE LA CLASIFICACIÓN DECIMAL DEWEY
Colección Colección Dominicana
Número de clasificación RD 305.5627292052
Número de documento/Ítem A188d
084 ## - OTRO NÚMERO DE CLASIFICACIÓN
Item number 09-00502
110 ## - ENTRADA PRINCIPAL--NOMBRE DE ENTIDAD CORPORATIVA
Nombre de entidad corporativa o nombre de jurisdicción como elemento de entrada República Dominicana: Archivos General de Nación
245 10 - MENCIÓN DE TÍTULO
Título Actas de los primeros congresos obreros dominicanos, 1920-1922 /
Mención de responsabilidad, etc. Editor: Dantes Ortiz ; coeditor : Modesto Cuesta ; digitación y corrección : Clara Morillo y Rosa Figuereo ; presentación : Roberto Cassá
260 ## - PUBLICACIÓN, DISTRIBUCIÓN, ETC.
Date of publication, distribution, etc. 2007
264 01 - PRODUCCIÓN, PUBLICACIÓN, DISTRIBUCIÓN, FABRICACIÓN Y COPYRIGHT
Lugar de producción, publicación, distribución, fabricación Santo Domingo, República Dominicana :
Nombre del de productor, editor, distribuidor, fabricante Archivos General de Nación,
Fecha de producción, publicación, distribución, fabricación o copyright 2007
300 ## - DESCRIPCIÓN FÍSICA
Extensión 137 páginas :
Otras características físicas ilustraciones ;
Dimensiones 23 cm.
336 ## - TIPO DE CONTENIDO
Fuente rdacontent
Término de tipo de contenido texto
Código de tipo de contenido txt
337 ## - TIPO DE MEDIO
Fuente rdamedia
Nombre del tipo de medio sin mediación
Código del tipo de medio n
338 ## - TIPO DE SOPORTE
Fuente rdacarrier
Nombre del tipo de soporte volumen
Código del tipo de soporte nc
490 ## - MENCIÓN DE SERIE
Mención de serie Archivo General de la Nación ;
Designación de volumen o secuencia 36
505 #1 - NOTA DE CONTENIDO CON FORMATO
Nota de contenido con formato Presentación -- Actas del Primer Congreso Nacional Obrero, 15-29 de mayo de 1920 -- Congreso Nacional Obrero -- Acta del día 15 de mayo. Sesión inaugural -- Acta del día 16 de mayo -- Acta de la sesión del día 17 de mayo -- Acta de la sesión del día 18 de mayo en la mañana -- Acta de la sesión del día 18 de mayo en la tarde -- Acta de la sesión del día 19 de mayo en la mañana -- Acta de la sesión del día 19 de mayo en la tarde -- Acta de la sesión del día 20 de mayo en la mañana -- Acta de la sesión del día 20 de mayo en la tarde -- Acta de la sesión del día 21 de mayo en la mañana -- Acta de la sesión del día 21 de mayo en la tarde -- Acta de la sesión del día 22 de mayo en la mañana -- Acta de la sesión del día 22 de mayo en la tarde -- Acta de la sesión del día 23 de mayo en la mañana -- Acta de la sesión del día 24 de mayo en la mañana -- Acta de la sesión del día 24 de mayo en la tarde -- Acta de la sesión del día 25 de mayo en la mañana -- Acta de la sesión del día 26 de mayo en la tarde -- Acta de la sesión del día 27 de mayo en la mañana -- Acta de la sesión del día 27 de mayo en la tarde -- Acta de la sesión del día 28 de mayo en la mañana -- Acta de la sesión del día 28 de mayo en la tarde -- Orden de la sesión del día 29 de mayo en la mañana -- Acta de la sesión del día 29 de mayo en la tarde -- Actas del Segundo Congreso Nacional Obrero, 26 de enero-13 de febrero de 1922 -- Acta de la sesión del día 26 de enero en la noche -- Acta de la sesión del día 27 de enero en la noche -- Acta de la sesión del día 28 de enero en la noche -- Acta de la sesión del día 29 de enero -- Acta de la sesión del día 30 de enero -- Acta de la sesión del día 31 de enero -- Acta de la sesión del día 2 de febrero -- Acta de la sesión del día 4 de febrero -- Acta de la sesión del día 5 de febrero -- Acta de la sesión del día 7 de febrero -- Acta de la sesión del día 8 de febrero -- Acta de la sesión del día 9 de febrero -- Acta de la sesión del día 10 de febrero -- Acta de la sesión del día 12 de febrero -- Acta de la sesión del día 13 de febrero -- Anexo -- Constitución de la Confederación Dominicana del Trabajo -- Índice onomástico.
942 ## - ELEMENTOS DE PUNTO DE ACCESO ADICIONAL (KOHA)
Fuente del sistema de clasificación o colocación Dewey Decimal Classification
Tipo de ítem Koha Libro
Suprimir en OPAC No
Existencias
Estado de retiro Estado de pérdida Fuente del sistema de clasificación o colocación Estado dañado Disponibilidad para préstamo Código de colección Localización permanente Ubicación/localización actual Ubicación en estantería Fecha de adquisición Fuente de adquisición Total de préstamos Signatura topográfica completa Código de barras Fecha visto por última vez Número de copia Precio válido a partir de Tipo de ítem Koha
    Dewey Decimal Classification   Disponible para préstamo Colección Dominicana UNIREMHOS SEDE UNIREMHOS SEDE Colección Dominicana 11/05/2021 Donación   RD 0900502 11/05/2021 ej. 1 11/05/2021 Libro
UNIREMHOS

Av. Abraham Lincoln no. 126, casi esq. José Contreras,
Santo Domingo, República Dominicana

Correo: info@uniremhos.edu.do

Tel.: (809) 532-3739

Horario: Lunes a Viernes: 8:00 am - 6:00 pm | Sábados: 8:00 am - 12:00 m

📍 Ubicación
UNEFA

Av. 27 de Febrero no. 52, El Vergel,
Santo Domingo, República Dominicana

Tel.: (809) 530-0224

📍 Ubicación
UFHEC

Av. Máximo Gómez esq. César Nicolás Penson, La Esperilla,
Santo Domingo, República Dominicana

Tel.: (809) 537-6000

📍 Ubicación